Statystyki dla Państwa Afryki zarażone Covid-19 (5.06.2020)

Kliknij tutaj aby rozwiązać quiz!

Ogólne statystyki

  • Ten quiz został rozwiązany 16 razy
  • Średni wynik to 47 z 57

Statystyki odpowiedzi

Liczba zarażonychKraj% Poprawnych
9,83 tysAlgieria
100%
86Angola
100%
29,7 tysEgipt
100%
209Libia
100%
40,7 tysRepublika Południowej Afryki
100%
3,76 tysDemokratyczna Republika Konga
94%
1,80 tysEtiopia
94%
8,88 tysGhana
94%
2,47 tysKenia
94%
4Lesotho
94%
963Niger
94%
11,5 tysNigeria
94%
1,28 tysRepublika Środkowoafrykańska
94%
410Rwanda
94%
4,15 tysSenegal
94%
2,20 tysSomalia
94%
465Togo
94%
1,08 tysTunezja
94%
557Uganda
94%
3,26 tysWybrzeże Kości Słoniowej
94%
1,08 tysZambia
94%
261Benin
88%
828Czad
88%
4,05 tysDżibuti
88%
39Erytrea
88%
2,95 tysGabon
88%
611Kongo
88%
1,46 tysMali
88%
8,03 tysMaroko
88%
784Mauretania
88%
352Mozambik
88%
25Namibia
88%
485Wyspy Świętego Tomasza i Książeca
88%
40Botswana
81%
3,99 tysGwinea
81%
1,33 tysGwinea Bissau
81%
1,30 tysGwinea Równikowa
81%
7,39 tysKamerun
81%
334Liberia
81%
11Seszele
81%
5,71 tysSudan
81%
237Zimbabwe
81%
63Burundi
75%
26Gambia
75%
132Komory
75%
393Malawi
75%
335Mauritius
75%
502Republika Zielonego Przylądka
75%
994Sudan Południowy
75%
509Tanzania
75%
975Madagaskar
69%
929Sierra Leone
69%
300Eswatini
63%
885Burkina Faso
56%
9Sahara Zachodnia
31%
2,05 tysMajotta
19%
479Reunion
13%

Rozkład punktacji

Percentyl według liczby udzielonych odpowiedzi

Procent ludzi z każdym wynikiem

Twoja historia wyników

Nie rozwiązałeś tego quizu